• 首页
  • 本馆介绍
  • 公告通知
  • 最新文献
  • 馆藏检索
  • 电子资源
  • 读者导购
  • 参考咨询
  • 我的图书馆
  • 登录
  • 详细信息显示
  • 放入我的书架
  • 预约/预借图书
  • 作者相关作品
  • 分类相关作品
  • 丛书相关作品
  • 出版社相关作品

书目信息

  • 表格格式
  • 工作单格式
  • 卡片格式
题名:
懒人运动不流汗
    
 
作者: 杨文忠 , 邳艳春 编著
分册:  
出版信息: 南昌   江西科学技术出版社  2010
页数: 165页
开本: 23cm
丛书名: 超级懒人丛书
单 册:
中图分类: G831.3
科图分类:
主题词: 健身运动--基本知识 , 健身运动
电子资源:
ISBN: 978-7-5390-3608-3
000 00923oam2 2200277 45
001 1130700765
005 20110310094042.17
010    @a978-7-5390-3608-3@dCNY18.00
100    @a20110123d2010 em y0chiy50 ea
101 0  @achi
102    @aCN@b360000
105    @aa z 000yy
106    @ar
200 1  @a懒人运动不流汗@ALan Ren Yun Dong Bu Liu Han@f杨文忠,邳艳春编著@FYang Wen Zhong, Pi Yan Chun Bian Zhu
210    @a南昌@c江西科学技术出版社@d2010
215    @a165页@c图@d23cm
225 2  @a超级懒人丛书
330    @a本书共分五章,内容包括:起床前奏操、赤脚运动、健身球、俯卧撑、倒立运动、办公室减压操、久坐人群的腰椎操、厨房瘦身操等。
461  0 @12001 @a超级懒人丛书
606 0  @a健身运动@x基本知识
606 0  @a健身运动
690    @aG831.3@v4
701  0 @a杨文忠@AYang Wen Zhong@4编著
701  0 @a邳艳春@APi Yan Chun@4编著
801  0 @aCN@bTANGWEI@c20110310
905    @b0531432-36@dG831.3@e102@f5
    
    懒人运动不流汗/杨文忠,邳艳春编著.-南昌:江西科学技术出版社,2010
    165页:图;23cm.-(超级懒人丛书)
    
    
    ISBN 978-7-5390-3608-3:CNY18.00
    本书共分五章,内容包括:起床前奏操、赤脚运动、健身球、俯卧撑、倒立运动、办公室减压操、久坐人群的腰椎操、厨房瘦身操等。
●
相关链接 在E读中查询图书 在五车中查询图书 在当当中查询图书 在豆瓣中查询图书


正题名:懒人运动不流汗     索取号:G831.3/102         预约/预借

序号 登录号 条形码 馆藏地/架位号 状态 备注
1 0531432   205314328   第一样本阅览室/ [索取号:G831.3/102] 在馆    
2 0531433   205314337   第四借阅区/ [索取号:G831.3/102] 在馆    
3 0531434   205314346   第四借阅区/ [索取号:G831.3/102] 在馆    
4 0531435   205314355   第四借阅区/ [索取号:G831.3/102] 在馆    
5 0531436   205314364   密集书库-体育系/ [索取号:G831.3/102] 在馆    
唐山师范学院图书馆 欢迎您!
大连网信软件有限公司© 版权所有